000
00301nam a22001337a 4500
008
180313b xxu||||| |||| 00| 0 eng d
020
_a
9780735556515
041
_a
eng
080
_2
3rd
_a
658.8
100
_a
61
101
_a
SHIT
245
_a
Sales a systems approach
_c
Keating,D
942
_2
udc
_c
BK
999
_c
44900
_d
44900